Borderlands histories : (Record no. 9677)

MARC details
000 -LEADER
fixed length control field 00850cam a2200205 i 4500
001 - CONTROL NUMBER
control field 22071233
005 - DATE AND TIME OF LATEST TRANSACTION
control field 20230808113140.0
008 - FIXED-LENGTH DATA ELEMENTS--GENERAL INFORMATION
fixed length control field 210607s2022 utuab b 001 0 eng c
020 ## - INTERNATIONAL STANDARD BOOK NUMBER
International Standard Book Number 9781647690236
082 00 - DEWEY DECIMAL CLASSIFICATION NUMBER
Classification number 972
245 00 - TITLE STATEMENT
Title Borderlands histories :
Remainder of title ethnographic observations and archaeological interpretations /
Statement of responsibility, etc. edited by John Carpenter and Matthew Pailes.
264 #1 - PRODUCTION, PUBLICATION, DISTRIBUTION, MANUFACTURE, AND COPYRIGHT NOTICE
Place of production, publication, distribution, manufacture Salt Lake City :
Name of producer, publisher, distributor, manufacturer The University of Utah Press,
Date of production, publication, distribution, manufacture, or copyright notice [2022]
300 ## - PHYSICAL DESCRIPTION
Extent xi, 322 p:
Other physical details illus,
Dimensions 26 cm.
504 ## - BIBLIOGRAPHY, ETC. NOTE
Bibliography, etc. note Includes bibliographical references (pages 259-309) and index.
650 #0 - SUBJECT ADDED ENTRY--TOPICAL TERM
Topical term or geographic name entry element Indians of Mexico
700 1# - ADDED ENTRY--PERSONAL NAME
Personal name Carpenter, John
Fuller form of name (John P.),
Relator term editor.
Personal name Pailes, Matthew,
Relator term editor.
776 08 - ADDITIONAL PHYSICAL FORM ENTRY
Relationship information Online version:
Title Borderlands histories.
Place, publisher, and date of publication Salt Lake City : The University of Utah Press, [2022]
International Standard Book Number 9781647690274
Record control number (DLC) 2021023938
942 ## - ADDED ENTRY ELEMENTS (KOHA)
Source of classification or shelving scheme Dewey Decimal Classification
Koha item type Main
Holdings
Withdrawn status Lost status Source of classification or shelving scheme Damaged status Not for loan Home library Current library Shelving location Date acquired Serial Enumeration / chronology Total Checkouts Full call number Barcode Date last seen Price effective from Koha item type
    Dewey Decimal Classification     RTC Library RTC Library Main opac 08/08/2023 177767   972 PHI 30018962 08/08/2023 08/08/2023 Main
Royal Thimphu College || All Right Reserved